000 01081nam a2200265 a 4500
001 BRL_1740
005 20190320211340.0
008 230715s1957----mx-a######---#000-0#spa-#
041 _aspa
044 _amx
050 4 _aF1411
_b.C37 1957
100 1 _aCasas, Bartolomé de las
_d1484-1566
_927758
245 1 0 _aBreve relación de la destrucción de las Indias Occidentales
_bpresentada a Felipe II siendo príncipe de Asturias
_cpor Don Fray Bartolomé de las Casas (Del Orden de Predicadores, Obispo de Chiapa) ; notas del licenciado Ignacio Romerovargas Yturbide ; ilustraciones de Vicente Rojo.
260 _aMéxico
_bLibros Luciernaga
_c1957
300 _a178 p.
_bil.
_c23 cm.
500 _aEstado físico : camisa muy deteriorada, se encuentra en el interior del libro
500 _aAu1942
650 1 4 _aTrato a los indígenas
_927750
650 1 4 _aIndígenas de México
_xMisiones
_9864
651 4 _aEspaña
_xColonias
_zAmérica
_92838
700 1 _aRomerovargas Yturbide, Ignacio
_923252
700 1 _aRojo, Vicente
_eil.
_919416
902 _aGRL
942 _2lcc
_cB
999 _c10548
_d10548